Die kreide Schleswig-Holsteins ... /

Bibliographic Details
Main Author: Stolley, Ernst, 1869-
Format: Thesis Book
Language:German
Published: Kiel, Leipzig : Lipsius & Tischer, 1891.
Subjects:

MARC

Tag First Indicator Second Indicator Subfields
LEADER 00000cam a2200000 4500
001 in00000040143
005 20151007070538.0
008 800530s1891 gw a 00010 ger d
035 |a (OCoLC)06373561 
035 |9 AAE4226AM 
040 |a TXA  |c TXA  |d UtOrBLW 
049 |a TXAM  |c [97676] 
090 |a QE755.G4  |b S86 1891 
092 |a 560.94351  |b S875k 
100 1 |a Stolley, Ernst,  |d 1869- 
245 1 4 |a Die kreide Schleswig-Holsteins ... /  |c von Ernst Stolley ... 
264 1 |a Kiel,  |a Leipzig :  |b Lipsius & Tischer,  |c 1891. 
300 |a 119 pages :  |b tables. 
336 |a text  |b txt  |2 rdacontent 
337 |a unmediated  |b n  |2 rdamedia 
338 |a volume  |b nc  |2 rdacarrier 
502 |c Kgl. Ludwigs-Maximilians Universitat. 
650 0 |a Paleontology  |z Germany  |z Schleswig-Holstein. 
650 0 |a Geology  |z Germany  |z Schleswig-Holstein. 
999 |a MARS 
999 f f |s 1a9e9827-13e7-3435-93a2-bd70e35a2c43  |i 0429aa9e-1bf3-3622-ac25-4233c001c474  |t 0 
952 f f |p ric  |a Texas A&M University  |b Rellis Campus  |c Joint Library Facility  |d Remote Storage  |t 0  |e QE755.G4 S86 1891  |h Library of Congress classification  |i unmediated -- volume  |m A14800963205 
998 f f |a QE755.G4 S86 1891  |t 0  |l Remote Storage